| 000 | 00758nam a22002177a 4500 | ||
|---|---|---|---|
| 005 | 20240530110501.0 | ||
| 008 | 150721s2013 jo g b 000 0 ara d | ||
| 017 |
_a2012/10/3788 _bالاردن . دائرة المكتبة الوطنية |
||
| 040 | _aEG-CaGPL | ||
| 082 | 0 | 4 |
_221 _a658.804\ _bس ت |
| 100 | 0 | _aسيد سالم عرفة . | |
| 245 | 1 | 2 |
_aالتسويق الصناعى / _cسيد سالم عرفة . |
| 250 | _aط1. | ||
| 260 |
_aعمان : _bدار الراية للنشر و التوزيع ، _c2012. |
||
| 300 |
_a270 ص ؛ _c24 سم . |
||
| 650 | 0 | 4 | _aالتسويق . |
| 650 | 0 | 4 | _aالتسويق الصناعى . |
| 650 | 0 | 4 | _aعلم النفس الصناعى . |
| 942 |
_2ddc _cBK |
||
| 999 |
_c61485 _d61485 |
||